| 000 | 00450nam a2200145Ia 4500 | ||
|---|---|---|---|
| 008 | 220216s9999 xx 000 0 und d | ||
| 100 | _aSaraswathyamma C.K. | ||
| 245 | 0 | _aEffect of gamma rays on Hevea seeds and the resultant seedlings | |
| 260 |
_bXV International Congress of Genetics, 12-21 December 1983, New Delhi, India. _c1983 |
||
| 650 | _aGamma ray | ||
| 650 | _aRubber seed | ||
| 700 | _aLicy J. | ||
| 700 | _aMarkose V.C. | ||
| 942 | _cBS | ||
| 999 |
_c52885 _d52885 |
||